[Event "RUS-Cup02"]
[Site "Moscow"]
[Date "1998.??.??"]
[Round "8"]
[White "Krasilnikov, Viatcheslav"]
[Black "Vokarev, Sergey"]
[Result "0-1"]
[WhiteElo "2320"]
[BlackElo "2485"]
[PlyCount "66"]
[EventDate "1998.01.21"]
[EventType "swiss"]
[EventRounds "9"]
[EventCountry "RUS"]
[SourceTitle "EXT 1999"]
[Source "ChessBase"]
[SourceDate "1998.11.16"]
[SourceVersion "1"]
[SourceVersionDate "1998.11.16"]
[SourceQuality "1"]

1. d4 Nf6 2. c4 g6 3. Nc3 d5 4. cxd5 Nxd5 5. e4 Nxc3 6. bxc3 Bg7 7. Bb5+ c6 8. Ba4 0-0 9. Ne2 c5 10. 0-0 cxd4 11. cxd4 b6 12. Be3 e6 13. Rc1 Bb7 14. f3 Na6 15. Qd2 Qe7 16. Nc3 Nc7 17. Rfd1 Rfd8 18. Qf2 Rac8 19. Bb3 h6 20. Qg3 Ne8 21. e5 Qb4 22. Ne2 Kh7 23. h4 Rxc1 24. Rxc1 Ba6 25. Nf4 Rxd4 26. Bc2 Kg8 27. Nxg6 Qc3 28. Qf2 Rd8 29. Ne7+ Kf8 30. Be4 Bxe5 31. f4 Qxe3 32. Qxe3 Bd4 33. Nd5 Rxd5 0-1

[Event "RUS-Cup5"]
[Site "Ekaterinburg"]
[Date "1997.??.??"]
[Round "4"]
[White "Krasilnikov, Viatcheslav"]
[Black "Zasukhin, Vadim Borisovich"]
[Result "0-1"]
[WhiteElo "2330"]
[BlackElo "2305"]
[PlyCount "90"]
[EventDate "1997.02.13"]
[EventType "swiss"]
[EventRounds "9"]
[EventCountry "RUS"]
[SourceTitle "CBM 057 Extra"]
[Source "ChessBase"]
[SourceDate "1997.05.01"]
[SourceVersion "1"]
[SourceVersionDate "1997.05.01"]
[SourceQuality "1"]

1. e4 Nc6 2. Nf3 e5 3. d4 exd4 4. Nxd4 g6 5. Nc3 Bg7 6. Be3 Nf6 7. g3 d5 8. exd5 Nxd5 9. Nxc6 bxc6 10. Nxd5 Qxd5 11. Qxd5 cxd5 12. 0-0-0 0-0 13. Bg2 c6 14. Bd4 Bh6+ 15. Kb1 Re8 16. Rhe1 Bg4 17. f3 Bf5 18. g4 Rxe1 19. Rxe1 Be6 20. b3 Kf8 21. Kb2 Ke7 22. Kc3 Bf4 23. Bc5+ Kd7 24. h3 h5 25. Rg1 Bh2 26. Rf1 Be5+ 27. Kd3 Bf4 28. Rg1 Bh2 29. Rh1 Bd6 30. Kd4 Bg3 31. Kd3 f5 32. g5 h4 33. Rg1 Kc7 34. a4 a5 35. Bf1 Re8 36. Rg2 f4 37. Kd2 Bxh3 38. Rxg3 hxg3 39. Bxh3 Rh8 40. Bf1 Rh2+ 41. Kc3 g2 42. Bd3 Rh3 43. Bxg6 Rxf3+ 44. Bd3 Re3 45. Bxe3 fxe3 0-1

[Event "RUS-Cup5"]
[Site "Ekaterinburg"]
[Date "1997.??.??"]
[Round "2"]
[White "Motyliov, Anatoly"]
[Black "Krasilnikov, Viatcheslav"]
[Result "0-1"]
[WhiteElo "2330"]
[BlackElo "2330"]
[PlyCount "96"]
[EventDate "1997.02.13"]
[EventType "swiss"]
[EventRounds "9"]
[EventCountry "RUS"]
[SourceTitle "CBM 057 Extra"]
[Source "ChessBase"]
[SourceDate "1997.05.01"]
[SourceVersion "1"]
[SourceVersionDate "1997.05.01"]
[SourceQuality "1"]

1. d4 Nf6 2. c4 g6 3. Nc3 Bg7 4. e4 d6 5. f4 0-0 6. Nf3 Na6 7. Be2 e5 8. fxe5 dxe5 9. d5 Nc5 10. Qc2 Nfxe4 11. Nxe4 Bf5 12. Bd3 Bxe4 13. Bxe4 f5 14. Bg5 Qd7 15. Bd3 Nxd3+ 16. Qxd3 e4 17. Qb3 exf3 18. gxf3 Rae8+ 19. Kd2 f4 20. Rae1 Qh3 21. Kc1 Rxe1+ 22. Rxe1 Qxh2 23. c5 Qg3 24. d6+ Kh8 25. Qb4 Qxg5 26. dxc7 Qd5 27. Kb1 Qc6 28. Qa5 Rc8 29. Rd1 Qxc7 30. Qxc7 Rxc7 31. Rd8+ Bf8 32. Rxf8+ Kg7 33. Rxf4 Rxc5 34. Rd4 Rf5 35. Rd7+ Rf7 36. Rd3 Rc7 37. b4 Kf6 38. Rd5 h5 39. Kb2 g5 40. a4 Rc4 41. Rb5 b6 42. a5 Rc6 43. Rd5 h4 44. Kb3 bxa5 45. bxa5 h3 46. Rd8 Kg7 47. Rd7+ Kg6 48. Rd8 Rf6 0-1

[Event "RUS-Cup5"]
[Site "Ekaterinburg"]
[Date "1997.??.??"]
[Round "1"]
[White "Serafimov, Dmitry"]
[Black "Krasilnikov, Viatcheslav"]
[Result "1-0"]
[WhiteElo "2410"]
[BlackElo "2330"]
[PlyCount "95"]
[EventDate "1997.02.13"]
[EventType "swiss"]
[EventRounds "9"]
[EventCountry "RUS"]
[SourceTitle "CBM 057 Extra"]
[Source "ChessBase"]
[SourceDate "1997.05.01"]
[SourceVersion "1"]
[SourceVersionDate "1997.05.01"]
[SourceQuality "1"]

1. d4 g6 2. e4 Bg7 3. c4 d6 4. Nc3 Nf6 5. f3 0-0 6. Bg5 c5 7. d5 e6 8. Qd2 exd5 9. cxd5 Nbd7 10. Nh3 a6 11. a4 Qa5 12. Ra3 Ne5 13. Nf2 Re8 14. Be2 h5 15. 0-0 Nh7 16. Be3 f5 17. h3 Nf6 18. exf5 Bxf5 19. g4 hxg4 20. hxg4 Bd7 21. g5 Nh7 22. f4 Nf7 23. Bd3 Nf8 24. Qc1 Qc7 25. Bd2 c4 26. Bb1 b5 27. Nce4 Qb7 28. axb5 axb5 29. Bc3 Rxa3 30. bxa3 Nh7 31. Bxg7 Kxg7 32. Qc3+ Kf8 33. Nxd6 Qxd5 34. Nxe8 Bxe8 35. Rd1 Qc6 36. Ne4 Qe6 37. Re1 Qg4+ 38. Qg3 Qd7 39. Nc5 Qd4+ 40. Qe3 Qxe3+ 41. Rxe3 Nd8 42. Rxe8+ Kxe8 43. Bxg6+ Kf8 44. Bxh7 Nc6 45. Be4 b4 46. Bxc6 bxa3 47. Ne6+ Ke7 48. Nd4 1-0